| 000 | 00431nam a2200169Ia 4500 | ||
|---|---|---|---|
| 008 | 170705s9999 xx 000 0 und d | ||
| 020 | _a9780439598033 | ||
| 245 | _aHamlet / | ||
| 245 | _cWilliam Shakespeare ; adapted by Neil Novelli and Kathleen Forrest. | ||
| 260 | _aNew York : | ||
| 260 | _bScholastic, | ||
| 260 | _c2003 | ||
| 300 | _a54 pages : | ||
| 300 | _bcolor illustration ; | ||
| 300 | _c19cm. | ||
| 500 | _a420 | ||
| 999 |
_c335852 _d335852 |
||